Pokémon With Multiple Forms - Statistics

General Stats
  • This quiz has been taken 162 times
    110 since last reset
  • The average score is 140 of 195
Answer Stats
Pokédex Number # of forms Forms Explanation Answer % Correct
0006 4 Regular, 2 Mega, Gigantamax Charizard
97%
0009 3 Regular, Mega, Gigantamax Blastoise
95%
0003 3 Regular, Mega, Gigantamax Venusaur
95%
0025 16 Regular, 6 Cosplay, 8 in a Cap, Gigantamax Pikachu
92%
0052 4 Regular, Alolan, Galarian, Gigantamax Meowth
90%
0150 3 Regular, 2 Mega Mewtwo
90%
0037 2 Regular, Alolan Vulpix
90%
0144 2 Regular, Galarian Articuno
89%
0015 2 Regular,Mega Beedrill
89%
0146 2 Regular, Galarian Moltres
89%
0038 2 Regular, Alolan Ninetales
89%
0026 2 Regular, Alolan Raichu
89%
0145 2 Regular, Galarian Zapdos
89%
0012 2 Regular, Gigantamax Butterfree
87%
0058 2 Regular, Hisuian Growlithe
87%
0053 2 Regular, Alolan Persian
87%
0020 2 Regular, Alolan Raticate
87%
0019 2 Regular, Alolan Rattata
87%
0059 2 Regular, Hisuian Arcanine
85%
0383 2 Regular, Primal Groudon
85%
0130 2 Regular, Mega Gyarados
85%
0382 2 Regular, Primal Kyogre
85%
0018 2 Regular, Mega Pidgeot
85%
0384 2 Regular, Mega Rayquaza
85%
0027 2 Regular, Alolan Sandshrew
85%
0028 2 Regular, Alolan Sandslash
85%
0493 18 18 Types Arceus
84%
0257 2 Regular, Mega Blaziken
84%
0078 2 Regular, Galarian Rapidash
84%
0254 2 Regular, Mega Sceptile
84%
0133 2 Regular, Gigantamax Eevee
82%
0492 2 Land, Sky Shaymin
82%
0260 2 Regular, Mega Swampert
82%
0483 2 Regular, Origin Dialga
81%
0101 2 Regular, Hisuian Electrode
81%
0103 2 Regular, Alolan Exeggutor
81%
0487 2 Altered, Origin Giratina
81%
0076 2 Regular, Alolan Golem
81%
0800 4 Regular, Dusk Mane, Dawn Wings, Ultra Necrozma
81%
0484 2 Regular, Origin Palkia
81%
0077 2 Regular, Galarian Ponyta
81%
0128 4 Regular, 3 Paldean Tauros
81%
0100 2 Regular, Hisuian Voltorb
81%
0386 4 Normal, Attack, Defense, Speed Deoxys
79%
0074 2 Regular, Alolan Geodude
79%
0647 2 Ordinary, Resolute Keldeo
79%
0068 2 Regular, Gigantamax Machamp
79%
0105 2 Regular, Alolan Marowak
79%
0809 2 Regular, Gigantamax Melmetal
79%
0648 2 Aria, Pirouette Meloetta
79%
0157 2 Regular, Hisuian Typhlosion
79%
0083 2 Regular, Galarian Farfetch'd
77%
0075 2 Regular, Alolan Graveler
77%
0645 2 Incarnate, Therian Landorus
77%
0131 2 Regular, Gigantamax Lapras
77%
0127 2 Regular, Mega Pinsir
77%
0143 2 Regular, Gigantamax Snorlax
77%
0248 2 Regular, Mega Tyranitar
77%
0869 64 7 Creams × 9 Sweets, Gigantamax Alcremie
76%
0531 2 Regular, Mega Audino
76%
0815 2 Regular, Gigantamax Cinderace
76%
0050 2 Regular, Alolan Diglett
76%
0051 2 Regular, Alolan Dugtrio
76%
0649 5 Regular, Shock, Burn, Chill, Douse Genesect
76%
0094 3 Regular, Mega, Gigantamax Gengar
76%
0658 2 Regular, Ash Greninja
76%
0089 2 Regular, Alolan Muk
76%
0080 3 Regular, Galarian, Mega Slowbro
76%
0642 2 Incarnate, Therian Thundurus
76%
0892 4 Single Strike, Rapid Strike, 2 Gigantamax Urshifu
76%
0888 2 Hero, Crowned Zacian
76%
0889 2 Hero, Crowned Zamazenta
76%
0412 3 Plant, Sandy, Trash Burmy
74%
0898 3 Regular, Ice Rider, Shadow Rider Calyrex
74%
0555 4 Regular, Zen, Galarian, Galarian Zen Darmanitan
74%
0724 2 Regular, Hisuian Decidueye
74%
0905 2 Incarnate, Therian Enamorus
74%
0445 2 Regular, Mega Garchomp
74%
0088 2 Regular, Alolan Grimer
74%
0818 2 Regular, Gigantamax Inteleon
74%
0646 3 Regular, White, Black Kyurem
74%
0376 2 Regular, Mega Metagross
74%
1017 4 4 Masks Ogerpon
74%
0812 2 Regular, Gigantamax Rillaboom
74%
0373 2 Regular, Mega Salamence
74%
0079 2 Regular, Galarian Slowpoke
74%
0641 2 Incarnate, Therian Tornadus
74%
0413 3 Plant, Sandy, Trash Wormadam
74%
0263 2 Regular, Galarian Zigzagoon
74%
0718 3 10%, 50%, Complete Zygarde
74%
0065 2 Regular, Mega Alakazam
73%
0890 2 Regular, Eternamax Eternatus
73%
0380 2 Regular, Mega Latias
73%
0381 2 Regular, Mega Latios
73%
0264 2 Regular, Galarian Linoone
73%
0303 2 Regular, Mega Mawile
73%
0122 2 Regular, Galarian Mr. Mime
73%
0211 2 Regular, Hisuian Qwilfish
73%
0302 2 Regular, Mega Sableye
73%
1024 3 Regular, Terastal, Stellar Terapagos
73%
0110 2 Regular, Galarian Weezing
73%
0142 2 Regular, Mega Aerodactyl
71%
0181 2 Regular, Mega Ampharos
71%
0719 2 Regular, Mega Diancie
71%
0720 2 Confined, Unbound Hoopa
71%
0774 8 Meteor, 7 Cores Minior
71%
0503 2 Regular, Hisuian Samurott
71%
0773 18 18 Types Silvally
71%
0199 2 Regular, Galarian Slowking
71%
0201 28 26 Letters, !, ? Unown
71%
0571 2 Regular, Hisuian Zoroark
71%
0570 2 Regular, Hisuian Zorua
71%
0713 2 Regular, Hisuian Avalugg
69%
0550 3 Red, Blue, White Basculin
69%
0351 4 Normal, Sunny, Rainy, Snowy Castform
69%
0222 2 Regular, Galarian Corsola
69%
0669 5 5 Flower Colors Flabébé
69%
0670 6 5 Flower Colors, Eternal Flower Floette
69%
0671 5 5 Flower Colors Florges
69%
0282 2 Regular, Mega Gardevoir
69%
0214 2 Regular, Mega Heracross
69%
0855 2 Antique, Phony Polteageist
69%
0212 2 Regular, Mega Scizor
69%
0854 2 Antique, Phony Sinistea
69%
0215 2 Regular, Hisuian Sneasel
69%
0208 2 Regular, Mega Steelix
69%
0666 20 20 Patterns Vivillon
69%
0716 2 Neutral, Active Xerneas
69%
0823 2 Regular, Gigantamax Corviknight
68%
0554 2 Regular, Galarian Darumaka
68%
0676 10 10 Trims Furfrou
68%
0861 2 Regular, Gigantamax Grimmsnarl
68%
0115 2 Regular, Mega Kangaskhan
68%
0549 2 Regular, Hisuian Lilligant
68%
0448 2 Regular, Mega Lucario
68%
0308 2 Regular, Mega Medicham
68%
0741 4 Baile, Pom-Pom, Pa'u, Sensu Oricorio
68%
0194 2 Regular, Paldean Wooper
68%
0893 2 Regular, Dada Zarude
68%
0460 2 Regular, Mega Abomasnow
66%
0306 2 Regular, Mega Aggron
66%
0628 2 Regular, Hisuian Braviary
66%
0839 2 Regular, Gigantamax Coalossal
66%
0475 2 Regular, Mega Gallade
66%
0423 2 West Sea, East Sea Gastrodon
66%
0706 2 Regular, Hisuian Goodra
66%
0479 6 Regular, Heat, Wash, Frost, Fan, Mow Rotom
66%
0842 2 Regular, Gigantamax Appletun
65%
0834 2 Regular, Gigantamax Drednaw
65%
0841 2 Regular, Gigantamax Flapple
65%
0422 2 West Sea, East Sea Shellos
65%
0705 2 Regular, Hisuian Sliggoo
65%
0849 3 Amped, Low Key, Gigantamax Toxtricity
65%
0884 2 Regular, Gigantamax Duraludon
63%
0362 2 Regular, Mega Glalie
63%
0858 2 Regular, Gigantamax Hatterene
63%
0801 2 Regular, Original Color Magearna
63%
1013 2 Unremarkable, Masterpiece Sinistcha
63%
0901 2 Regular, Bloodmoon Ursaluna
63%
0681 2 Shield, Blade Aegislash
61%
0851 2 Regular, Gigantamax Centiskorch
61%
0099 2 Regular, Gigantamax Kingler
61%
1012 2 Counterfeit, Artisan Poltchageist
61%
0319 2 Regular, Mega Sharpedo
61%
0618 2 Regular, Galarian Stunfisk
61%
0359 2 Regular, Mega Absol
60%
0323 2 Regular, Mega Camerupt
60%
0585 4 Spring, Summer, Autumn, Winter Deerling
60%
0982 2 Two-Segment, Three-Segment Dudunsparce
60%
0999 2 Chest, Roaming Gimmighoul
60%
0229 2 Regular, Mega Houndoom
60%
0428 2 Regular, Mega Lopunny
60%
0925 2 Family of Four, Family of Three Maushold
58%
0778 2 Disguised, Busted Mimikyu
58%
0586 4 Spring, Summer, Autumn, Winter Sawsbuck
58%
0978 3 Curly, Droopy, Stretchy Tatsugiri
58%
0562 2 Regular, Galarian Yamask
58%
0334 2 Regular, Mega Altaria
56%
0569 2 Regular, Gigantamax Garbodor
56%
0745 3 Midday, Midnight, Dusk Lycanroc
56%
0877 2 Full Belly, Hangry Morpeko
56%
0826 2 Regular, Gigantamax Orbeetle
56%
0172 2 Regular, Spiky-eared Pichu
56%
0931 4 4 Plumages Squawkabilly
56%
0746 2 Solo, School Wishiwashi
56%
0421 2 Overcast, Sunshine Cherrim
55%
0310 2 Regular, Mega Manectric
55%
0711 4 4 Sizes Gourgeist
53%
0710 4 4 Sizes Pumpkaboo
53%
0845 3 Regular, Gulping, Gorging Cramorant
52%
0875 2 Ice, Noice Eiscue
52%
0354 2 Regular, Mega Banette
50%
0844 2 Regular, Gigantamax Sandaconda
50%
0879 2 Regular, Gigantamax Copperajah
48%
0964 2 Zero, Hero Palafin
42%
No matching quizzes found
Score Distribution
Percent of People with Each Score
Percentile by Number Answered
Your Score History
You have not taken this quiz since the last reset